000 00620nam a2200205 a 4500
001 BRCA_4022
005 20190320204521.0
008 020210s1971----enka######---#000-0#eng-#
020 _a0903085011
041 _aeng
044 _aenk
050 4 _aZ1012
_b.T46 1971
245 1 0 _aThe Thousand Best Books for Collector
_b1972-1973.
260 _aInglaterra
_bPaul Weller´s
_c1971
300 _a212 p.
_bil.
_c21 cm.
500 _aIncluye índice temático e índice de editoriales
650 1 4 _aLibros de consulta
_vBibliografía
_910455
650 1 4 _aLibros para coleccionistas
_vBibliografía
_910456
942 _2lcc
_cB
999 _c3746
_d3746